Európa összes országa alakjuk szerint - Statistics

General Stats
  • This quiz has been taken 686 times
  • The average score is 27 of 45
Answer Stats
Picture Answer % Correct
Magyarország
100%
Egyesült Királyság
91%
Franciaország
89%
Spanyolország
89%
Németország
88%
Izland
81%
Norvégia
80%
Görögország
79%
Olaszország
79%
Oroszország
78%
Ausztria
77%
Horvátország
75%
Svédország
75%
Dánia
70%
Szlovákia
70%
Románia
68%
Lengyelország
66%
Szerbia
64%
Ukrajna
63%
Finnország
62%
Albánia
60%
Hollandia
60%
Svájc
59%
Bulgária
58%
Portugália
58%
Csehország
56%
Írország
56%
Fehéroroszország
53%
Belgium
52%
Észtország
52%
Vatikán
52%
Szlovénia
50%
Bosznia-Hercegovina
48%
Lettország
48%
Litvánia
48%
Málta
46%
Monaco
45%
Koszovó
44%
Luxemburg
44%
Észak-Macedónia
40%
Montenegró
39%
Andorra
33%
San Marino
33%
Moldova
31%
Liechtenstein
28%
No matching quizzes found
Score Distribution
Percent of People with Each Score
Percentile by Number Answered
Your Score History
You have not taken this quiz